000 00595nam a2200193Ia 4500
001 15032
003 GE_BSU
008 181216s||||||||xx |||||||||||||| ||und||
040 _cGE_BSU
080 _a514.77
100 _aВеблен, О. Уайтхед,Дж.
245 _aОснования дифференциальной геометрии
260 _aМосква
260 _bИзд-во Иностранной литературы
260 _c1949
300 _a229стр.20см.
653 _aОснования дифференциальной геометрии
942 _cBK
999 _c48150
_d48150